Sitaron Ke Deepak Part 1: (Record no. 43834)

MARC details
000 -LEADER
fixed length control field 01095njm a22002657a 4500
005 - DATE AND TIME OF LATEST TRANSACTION
control field 20100904153733.0
007 - PHYSICAL DESCRIPTION FIXED FIELD--GENERAL INFORMATION
fixed length control field sd ammalaaahaa
008 - FIXED-LENGTH DATA ELEMENTS--GENERAL INFORMATION
fixed length control field 100904t xxu||||| |||| 00| 0 hin d
028 ## - PUBLISHER NUMBER
Publisher number N. 88274
Source His Master's Voice
028 ## - PUBLISHER NUMBER
Publisher number OJW. 4403
Source His Master's Voice
028 ## - PUBLISHER NUMBER
Publisher number OJW. 4404
Source His Master's Voice
035 ## - SYSTEM CONTROL NUMBER
System control number GR-647
040 ## - CATALOGING SOURCE
Original cataloging agency SED/VEN
100 ## - MAIN ENTRY--PERSONAL NAME
Personal name Puri, N. L.
9 (RLIN) 1184
245 ## - TITLE STATEMENT
Title Sitaron Ke Deepak Part 1:
Remainder of title Hindustani /
Statement of responsibility, etc by N. L. Puri; Music by M. Chakravarti; Lyric by Madhukar Rajasthani
Medium [Sound Recording] :
246 ## - VARYING FORM OF TITLE
Title proper/short title सितारों के दीपक (एन. एल. पुरी)
260 ## - PUBLICATION, DISTRIBUTION, ETC. (IMPRINT)
Place of publication, distribution, etc Dum Dum, India :
Name of publisher, distributor, etc His Master's Voice
300 ## - PHYSICAL DESCRIPTION
Extent 1 sound disc [Gramophone Recording] :
Other physical details analog, 33 1/3 rpm ;
Dimensions 10 in.
Type of unit Gramophone Records
500 ## - GENERAL NOTE
General note Brief Records
505 ## - FORMATTED CONTENTS NOTE
Formatted contents note सपनों में मिले (एन. एल. पुरी) Part 2
650 ## - SUBJECT ADDED ENTRY--TOPICAL TERM
Topical term or geographic name as entry element Classical Music
General subdivision Excerpts
Geographic subdivision India
9 (RLIN) 18309
700 ## - ADDED ENTRY--PERSONAL NAME
9 (RLIN) 18415
942 ## - ADDED ENTRY ELEMENTS (KOHA)
Source of classification or shelving scheme Dewey Decimal Classification
Item type Gramaphone Records
Holdings
Withdrawn status Lost status Source of classification or shelving scheme Damaged status Not for loan Home library Current library Date acquired Source of acquisition Total Checkouts Barcode Date last seen Copy number Price effective from Koha item type
    Dewey Decimal Classification   Not For Loan Central Library Central Library 04/09/2010 SED/VEN   GR-673 04/09/2010 1 04/09/2010 Gramaphone Records

© Delhi Public Library
Hit Counter
free hit counter